000 01706cam a22003977a 4500
003 CHAP
005 20220329142056.0
008 990527d1997 mx a r 10110 spa d
010 _a78012
011 _a78984
035 _a89102
040 _cCHAP
082 0 4 _a681.763
_bS45 1997
111 0 0 _aSeminario Latinoamericano de Gestión Tecnológica
_n(7 :
_d1997 :
_cLa Habana, Cuba)
_9104180
245 1 0 _aInnovación, competitividad y desarrollo sustentante :
_bmemorias
_c/ed. por José Luis Solleiro y Rodolfo Faloh
260 _aLa Habana, Cuba :
_bAsociación Latinoamericana de Gestión Tecnológica,
_c1997.
300 _a3 v. :
_bilus. ; gráfs. ; cuadros
590 _aBATCH-UPD
_b10
_c20130110
_lUCH01
_h0432
590 _aBATCH-UPD
_b10
_c20130410
_lUCH01
_h0108
590 _aBATCH-UPD
_b10
_c20130914
_lUCH01
_h0056
590 _aBATCH-UPD
_b10
_c20130914
_lUCH01
_h1932
590 _aCONVERSION
_b10
_c20130109
_lUCH01
_h1343
650 1 4 _aAgricultura
_xInnovaciones tecnológicas.
_91565
650 1 4 _aAgricultura
_xTransferencia de tecnología.
_91885
650 1 4 _aDesarrollo sustentable
_xCongresos.
_932085
650 1 4 _aPolítica industrial.
_990665
650 1 4 _aPolítica tecnológica.
_990712
700 0 _aFaloh, Rodolfo
_eed.
_939401
700 0 _aSolleiro Rebolledo, José Luis
_eed.
_9108416
901 _aBK
905 _aMayto Villalobos S.
942 _cLIBRO
949 _a681.763 S45 1997
_bBC
_cLIBRO
_d33724000712964
_eLIBRO
_fv.3
_gI. 193621
_h95348
_i89102
_sb
_t$150.00
949 _a681.763 S45 1997
_bBC
_cLIBRO
_d33724000712972
_eLIBRO
_fv.2
_gI. 193621
_h95349
_i89102
_si
_t$150.00
949 _a681.763 S45 1997
_bBC
_cLIBRO
_d33724000713004
_eLIBRO
_fv.1
_gI. 193621
_h95347
_i89102
_si
_t$150.00
999 _c78012
_d78012